| 000 | 00655nam a2200193 4500 | ||
|---|---|---|---|
| 999 |
_c171753 _d171753 |
||
| 005 | 20200120124617.0 | ||
| 010 | _aEN-127471 | ||
| 020 |
_c1395.00 _a9789384139728 |
||
| 035 | _aEN-111003 | ||
| 037 | _bDBAD/PUB | ||
| 082 | _a327.54073 | ||
| 100 | _aPatil Manohar T. | ||
| 245 |
_aIndia America Relations : _bby Manohar T.Patil _cInternational Politics/ |
||
| 260 |
_aNew Delhi _bGaurav Books _c2018 |
||
| 270 |
_a132,2nd floor,Shivram Kripa,Mayur Park, Basant Vihar _bKanpur _e208021 _mgauravbooks584@gmail.com |
||
| 300 |
_avii;332p. _c22cm(hb) |
||
| 500 | _aIncludes bibliographical references | ||
| 942 |
_2ddc _cEN _h327.54073 _mPAT |
||